000 00702nam a2200229Ia 4500
003 OSt
005 20220923214955.0
006 a|||||r|||| 00| 0
007 ta
008 220922b |||||||| |||| 00| 0 hin d
024 _a174,390
037 _cTextual
040 _aARTS
_cARTS
_bhin
041 _2hin
_ahin
082 _aO152:9x, L33
100 _aतिवारी, विश्वनाथ प्रसाद, संपा.
245 0 _aहिन्दी निबन्ध
246 _aHindī nibandha
260 _c1973
942 _hO152:9x, L33
_cTEXL
_2CC
999 _c328161
_d328161